BIBLIOTECA

SENCICO

Planificación sociológica de los problemas sociales / (Registro nro. 160)

Detalles MARC
000 -LEADER
fixed length control field 01466nam a2200265Ia 4500
003 - CONTROL NUMBER IDENTIFIER
control field PE SENCICO BE
005 - DATE AND TIME OF LATEST TRANSACTION
control field 20251020182428.0
008 - FIXED-LENGTH DATA ELEMENTS--GENERAL INFORMATION
fixed length control field 200515s9999 xx 000 0 und d
040 ## - CATALOGING SOURCE
Original cataloging agency PE SENCICO BE
Transcribing agency PE SENCICO BE
041 ## - LANGUAGE CODE
Language code of text/sound track or separate title spa
082 ## - DEWEY DECIMAL CLASSIFICATION NUMBER
Classification number 301
Item number L32
100 1# - MAIN ENTRY--PERSONAL NAME
Personal name Lazarsfeld, Paul F.
9 (RLIN) 2358
Relator term autor
245 10 - TITLE STATEMENT
Title Planificación sociológica de los problemas sociales /
Statement of responsibility, etc. Paul F. Lazarsfeld
260 ## - PUBLICATION, DISTRIBUTION, ETC.
Place of publication, distribution, etc. Buenos Aires :
Name of publisher, distributor, etc. Paidos ;
Date of publication, distribution, etc. 1971
300 ## - PHYSICAL DESCRIPTION
Extent 221 p. :
Dimensions 22 cm.
490 ## - SERIES STATEMENT
Series statement Biblioteca de psicología y sociología aplicadas ;
Volume/sequential designation v. 7
505 0# - FORMATTED CONTENTS NOTE
Formatted contents note La pobreza urbana y la planificación social -- Del tratamiento de la delincuencia al desarrollo de la comunidad -- Investigación y los conflictos que surgen al desarrollar programas sociales -- La escuela y la familia: la vinculación de las organizaciones con los grupos primarios externos -- La desocupación, la mano de obra y el desarrollo regional -- La salud pública -- La vejez.
520 ## - SUMMARY, ETC.
Summary, etc. Las experiencias que se recogieron en E.U.A., han promovido un nuevo sistema de conceptos, de métodos y de problemas que dieron origen a especializaciones profesionales como la sociología médica y la gerontología social. Este documento trata de ello y ade
650 10 - SUBJECT ADDED ENTRY--TOPICAL TERM
Topical term or geographic name entry element Sociología
9 (RLIN) 2327
650 20 - SUBJECT ADDED ENTRY--TOPICAL TERM
Topical term or geographic name entry element Política social
9 (RLIN) 2359
650 20 - SUBJECT ADDED ENTRY--TOPICAL TERM
Topical term or geographic name entry element Problemas sociales
9 (RLIN) 2360
700 1# - ADDED ENTRY--PERSONAL NAME
9 (RLIN) 2361
Personal name Sewell, William H.
Relator term autor
700 1# - ADDED ENTRY--PERSONAL NAME
9 (RLIN) 2362
Personal name Wilensky, Harold L.
Relator term autor
942 ## - ADDED ENTRY ELEMENTS (KOHA)
Koha item type Libros
Source of classification or shelving scheme Dewey Decimal Classification
Existencias
Fecha de la última vez que lo usaron Número de ingreso o de inventario Pago total Signatura topográfica completa Código de barras Precio efectivo desde Tipo de documento Estado perdido Sistema de clasificación Estado dañado No es para préstamo Retirado Ubicación permanente Ubicación actual Fecha de adquisición
15/05/2020 753   301/L32 BibLima24060058 15/05/2020 Libros   Dewey Decimal Classification       Biblioteca Central Lima Biblioteca Central Lima 15/05/2020